| 000 | 00947nam a2200217Ia 4500 | ||
|---|---|---|---|
| 999 |
_c44874 _d44874 |
||
| 001 | 11689 | ||
| 003 | GE_BSU | ||
| 005 | 20221223120445.0 | ||
| 008 | 181216s1960ge xx |||||||||||||| ||geo|| | ||
| 040 | _cGE_BSU | ||
| 041 | _ageo | ||
| 080 | _a636(075.8) ა-24 | ||
| 100 | _4აგლაძე, დ. | ||
| 245 |
_aმეცხოველეობის საფუძვლები. _bნ.II. / _cდ. აგლაძე, რედ. მ. მელითაური. |
||
| 264 |
_aთბილისი : _bსას–სამ. ინ–ტის გამ–ბა, _c1960. |
||
| 300 |
_a419 გვ; _bილ. _c24 სმ. |
||
| 653 | _aმეცხოველეობის საფუძვლები. ნ.II. | ||
| 653 | _aვეტერინარია -- ინფექციური დაავადებები | ||
| 700 |
_aმელითაური, მ _eრედაქტორი _916547 |
||
| 942 |
_cBK _2udc |
||